Parola di pietra. (Record n. 38125)
[ formato base ]
| 000 -LEADER | |
|---|---|
| fixed length control field | 01215nam a22001817a 4500 |
| 003 - CONTROL NUMBER IDENTIFIER | |
| control field | IT-RoPau |
| 005 - DATE AND TIME OF LATEST TRANSACTION | |
| control field | 20220918175943.0 |
| 008 - FIXED-LENGTH DATA ELEMENTS--GENERAL INFORMATION | |
| fixed length control field | 130219b xxu||||| |||| 00| 0 eng d |
| 040 ## - CATALOGING SOURCE | |
| Transcribing agency | IT-RoPau |
| 100 ## - MAIN ENTRY--PERSONAL NAME | |
| Personal name | Lobina, Walter |
| 9 (RLIN) | 442 |
| 245 ## - TITLE STATEMENT | |
| Title | Parola di pietra. |
| Remainder of title | Storia e arte della basilica Minore Santa Maria Regina degli Apostoli |
| 250 ## - EDITION STATEMENT | |
| Edition statement | I |
| 260 ## - PUBLICATION, DISTRIBUTION, ETC. (IMPRINT) | |
| Place of publication, distribution, etc. | Roma |
| Name of publisher, distributor, etc. | SSP Casa Provinciale |
| Date of publication, distribution, etc. | 2003 |
| 300 ## - PHYSICAL DESCRIPTION | |
| Extent | 96 pp. |
| Dimensions | 24 cm |
| Accompanying material | Foto 24x17 |
| 490 ## - SERIES STATEMENT | |
| Volume/sequential designation | I |
| 520 ## - SUMMARY, ETC. | |
| Summary, etc. | Indice<br/><br/>Introduzione<br/>Il sogno di un Santuario<br/>Il Patto<br/>L'inaugurazione<br/>Architettura e simboli<br/>La Basilica Minore in cifre<br/>Le frasi alberoniane<br/>La campana<br/>La sottocripta<br/>Visione d'insieme<br/>Il corridoio<br/>La Chiesa<br/>Tomba della Venerabile Suor Tecla Merlo<br/>La cripta<br/>VIsione d'insieme<br/>L'altare<br/>Il nome Maria/Miryam<br/>L'ambone<br/>La calotta<br/>Il deambulatorio<br/>Tomba del Beato Timoteo Giaccardo<br/>L'organo<br/>Candelabri in marmo<br/>Il tempio<br/>Visione d'insieme<br/>Altare maggiore<br/>La pala dell'altare maggiore<br/>Fregio del cornicione<br/>La doppia cupola<br/>Pennacchi dei quattro pilastri<br/>Progetto non realizzato<br/>Gli altari laterali<br/><br/>Lo Stemma Paolina<br/>Missione del Tempio Regina degli Apostoli<br/>Nel pensiero di Don Alberione<br/>La mia casa è di preghiera<br/> <br/><br/><br/><br/><br/> |
| 942 ## - ADDED ENTRY ELEMENTS (KOHA) | |
| Source of classification or shelving scheme | Dewey Decimal Classification |
| Koha item type | LIBRO |
| Withdrawn status | Lost status | Source of classification or shelving scheme | Damaged status | Not for loan | Home library | Current library | Date acquired | Total Checkouts | Full call number | Date last seen | Price effective from | Koha item type |
|---|---|---|---|---|---|---|---|---|---|---|---|---|
| Dewey Decimal Classification | Buone Condizioni | Not For Loan | PAULUS-BIBLIOTECA | PAULUS-BIBLIOTECA | 19/02/2013 | P C2 | 19/02/2013 | 19/02/2013 | LIBRO | |||
| Dewey Decimal Classification | Buone Condizioni | Not For Loan | PAULUS-BIBLIOTECA | PAULUS-BIBLIOTECA | 19/02/2013 | P C2 | 19/02/2013 | 19/02/2013 | LIBRO | |||
| Dewey Decimal Classification | Buone Condizioni | Not For Loan | PAULUS-BIBLIOTECA | PAULUS-BIBLIOTECA | 19/02/2013 | P C2 | 19/02/2013 | 19/02/2013 | LIBRO |